Etické podnikanie vo vybranom podnikateľskom subjekte bakalárska práca
Guardado en:
| Autor principal: | |
|---|---|
| Autor Corporativo: | |
| Otros Autores: | |
| Formato: | Libro |
| Lenguaje: | eslovaco |
| Publicado: |
Bratislava
2015
|
| Etiquetas: |
Sin Etiquetas, Sea el primero en etiquetar este registro!
|
MARC
| LEADER | 00000nbm a2200000 4500 | ||
|---|---|---|---|
| 001 | 0203001 | ||
| 005 | 20161212102959.1 | ||
| 041 | 0 | |a slo | |
| 044 | |a SK | ||
| 245 | 1 | 0 | |a Etické podnikanie vo vybranom podnikateľskom subjekte |b bakalárska práca |c Zuzana Szegényová ; školiteľ: Gabriela Dubcová |
| 264 | 1 | |a Bratislava |c 2015 | |
| 300 | |a 68 s. | ||
| 100 | 1 | |a Szegényová, Zuzana | |
| 700 | 1 | |a Dubcová, Gabriela, 1968- | |
| 710 | 2 | |a Fakulta podnikového manažmentu EU. Katedra podnikovohospodárska | |